000 00542nam a2200205Ii 4500
003 JO-AjNU
008 230606s9999||||xx |||||||||||||| ||und||
020 _a978-93-84007-33-1
040 _aJO-AjNU
_beng
_erda
_cJO-AjNU
041 _aeng
050 1 4 _aTC423.2015
100 3 _aRoy,Ghosh,
_eauthor
_94246
245 0 0 _aWater Resources
264 3 1 _aIndia,Medtec,2015
300 _a320p
336 _atext
_btxt
_2rdacontent
337 _aunmediated
_bn
_2rdamedia
338 _avolume
_bnc
_2rdacarrier
650 4 _aWater Resources
_94247
999 _aE2208
_c2206
_d2206